000 00312nam a2200133Ia 4500
005 20251222143318.0
008 251222s9999||||xx |||||||||||||| ||spa||
020 _a84-7310-037-9
082 _a843.9/M86
100 _aMorand, Paul
245 0 _aLa Noche es Larga
264 _bEdiciones del Cotal
942 _cLIB
999 _c15979
_d15979